Liberia (Record no. 3004)

000 -LEADER
fixed length control field 00259nam a22000977a 4500
008 - FIXED-LENGTH DATA ELEMENTS--GENERAL INFORMATION
fixed length control field 191111b ||||| |||| 00| 0 eng d
100 ## - MAIN ENTRY--AUTHOR'S NAME
Author's Name National Philatelic Museum
245 ## - TITLE STATEMENT
Title Liberia
260 ## - PUBLICATION, DISTRIBUTION, ETC. (IMPRINT)
Place of publication, distribution, etc. Philadelpia
Name of publisher, distributor, etc. National Philatelic Museum
Date of publication, distribution, etc. 195?
650 ## - TOPICAL TERM (Tag)
Topical term or geographic name Liberia
Holdings
Withdrawn status Lost status Source of classification or shelving scheme Damaged status Koha normalized classification for sorting Not for loan Permanent Location Current Location Shelving location Date acquired Total Checkouts Full call number Barcode Date last seen Date last checked out Copy number Price effective from
        G8880 A11 N277   Northern Philatelic Library Northern Philatelic Library General Stacks 11/11/2019 1 G8880 A11 N277 1005417 01/26/2023 01/12/2023 1 11/11/2019

Powered by Koha